[Event "ECU-ch"]
[Site "Quito"]
[Date "2023.06.22"]
[Round "3"]
[White "Carrasco Jacome, Bryan Ricardo"]
[Black "Gonzalez Loaiza, Roberth Alberto"]
[Result "1-0"]
[WhiteElo "2211"]
[BlackElo "1541"]
[PlyCount "51"]
[EventDate "2023.06.21"]
[EventType "swiss"]
[EventRounds "9"]
[EventCountry "ECU"]
[SourceTitle "CBM 215 Extra"]
[Source "ChessBase"]
[SourceDate "2023.09.30"]
[SourceVersion "1"]
[SourceVersionDate "2023.09.30"]
[SourceQuality "1"]

1. e4 e5 2. Nc3 Nc6 3. Bc4 Nf6 4. d3 Bc5 5. f4 d6 6. f5 h6 7. a3 Bd7 8. Nf3 Ng4 9. Qe2 Nf2 10. Rf1 Ng4 11. Bd2 Nxh2 12. Nxh2 Qh4+ 13. g3 Qxg3+ 14. Kd1 Nd4 15. Qh5 g6 16. fxg6 fxg6 17. Bf7+ Kd8 18. Qxg6 Qxg6 19. Bxg6 c6 20. Ne2 Nxe2 21. Kxe2 Rg8 22. Rf6 Bh3 23. b4 Bb6 24. Bxh6 Ke7 25. Bg5 Raf8 26. Rf7+ 1-0

[Event "ECU-ch"]
[Site "Salinas"]
[Date "2021.12.17"]
[Round "3"]
[White "Gonzalez Loaiza, Roberth Alberto"]
[Black "Badillo Ramos, Michael Steve"]
[Result "0-1"]
[WhiteElo "1554"]
[BlackElo "2108"]
[PlyCount "112"]
[EventDate "2021.12.16"]
[EventType "swiss"]
[EventRounds "7"]
[EventCountry "ECU"]
[SourceTitle "EXT 2023"]
[Source "ChessBase"]
[SourceDate "2022.10.05"]
[SourceVersion "1"]
[SourceVersionDate "2022.10.05"]
[SourceQuality "1"]

1. d4 d5 2. c4 c6 3. Nc3 Nf6 4. Nf3 e6 5. e3 Nbd7 6. Bd3 dxc4 7. Bxc4 b5 8. Bd3 Bd6 9. 0-0 0-0 10. a3 Bb7 11. b4 a5 12. Rb1 Qe7 13. Qb3 Rfd8 14. Rd1 e5 15. Bf5 g6 16. Bh3 e4 17. Nd2 Nb6 18. g3 Bc8 19. Bxc8 Rdxc8 20. bxa5 Rxa5 21. Ra1 Nbd5 22. Bb2 h5 23. Rdc1 h4 24. Ne2 Kg7 25. Rc2 Ra6 26. Rcc1 Rca8 27. Qc2 Rh8 28. Nf1 Qe6 29. Qd1 hxg3 30. fxg3 Qh3 31. Nf4 Bxf4 32. exf4 Ng4 33. Qe2 e3 34. Rc2 Nf2 35. Re1 Rh5 36. Bc1 Qf5 37. Bxe3 Nh3+ 38. Kh1 Ra7 39. Qg2 Rh8 40. Rxc6 Re7 41. Bd2 Rxe1 42. Bxe1 Re8 43. Bd2 Nf6 44. Rc5 Qg4 45. Re5 Rc8 46. Ne3 Qd7 47. d5 Rc5 48. d6 Rc6 49. Nf5+ gxf5 50. Qxh3 Rxd6 51. Be1 Ng4 52. Re2 Rh6 53. Qf1 Qd3 54. Kg1 Nxh2 55. Rxh2 Qxf1+ 56. Kxf1 Rxh2 0-1

[Event "South America-ch U20"]
[Site "Guayaquil"]
[Date "2021.11.07"]
[Round "9"]
[White "Perea Erazo, Janyert Julian"]
[Black "Gonzalez Loaiza, Roberth Alberto"]
[Result "1/2-1/2"]
[WhiteElo "1581"]
[BlackElo "1586"]
[PlyCount "120"]
[EventDate "2021.11.02"]
[EventType "swiss"]
[EventRounds "9"]
[EventCountry "ECU"]
[SourceTitle "CBM 205 Extra"]
[Source "ChessBase"]
[SourceDate "2022.01.31"]
[SourceVersion "1"]
[SourceVersionDate "2022.01.31"]
[SourceQuality "1"]

1. e4 e5 2. Nf3 Nc6 3. Bc4 Bc5 4. c3 Nf6 5. d3 d6 6. Nbd2 0-0 7. 0-0 Bg4 8. Re1 Qd7 9. Bb3 Nh5 10. Nf1 a5 11. a4 Kh8 12. h3 f5 13. d4 Bxf3 14. Qxf3 exd4 15. Qxh5 fxe4 16. Rxe4 dxc3 17. Be3 cxb2 18. Rb1 Rf5 19. Qe2 d5 20. Rh4 Be7 21. Rh5 Rxh5 22. Qxh5 d4 23. Rxb2 dxe3 24. Nxe3 Bf6 25. Rb1 Qe8 26. Bf7 g6 27. Bxe8 gxh5 28. Bxc6 bxc6 29. Rb7 Be5 30. Nc4 Bd6 31. Kf1 Kg8 32. Ke2 Re8+ 33. Kd3 Bc5 34. Rxc7 Bxf2 35. Rxc6 Ra8 36. Ke4 Kg7 37. Nd6 Rb8 38. Nb5 Be1 39. Rc7+ Kg6 40. Rc6+ Kg7 41. Nd6 Rb2 42. g3 Rb4+ 43. Kd5 Rxa4 44. Nf5+ Kf7 45. Ke5 Ra3 46. Rc7+ Ke8 47. Ke6 Kd8 48. Rxh7 Bxg3 49. Rd7+ Kc8 50. Ne7+ Kb8 51. Nc6+ Kc8 52. Ra7 a4 53. Ne7+ Kb8 54. Nc6+ Kc8 55. Rh7 h4 56. Na7+ Kb8 57. Nc6+ Kc8 58. Rf7 Rd3 59. Ne7+ Kb8 60. Nc6+ Kc8 1/2-1/2

[Event "South America-ch U20"]
[Site "Guayaquil"]
[Date "2021.11.05"]
[Round "6"]
[White "Quinde Rizzo, Hugo Josue"]
[Black "Gonzalez Loaiza, Roberth Alberto"]
[Result "1-0"]
[WhiteElo "1515"]
[BlackElo "1586"]
[PlyCount "109"]
[EventDate "2021.11.02"]
[EventType "swiss"]
[EventRounds "9"]
[EventCountry "ECU"]
[SourceTitle "CBM 205 Extra"]
[Source "ChessBase"]
[SourceDate "2022.01.31"]
[SourceVersion "1"]
[SourceVersionDate "2022.01.31"]
[SourceQuality "1"]

1. e4 e5 2. Nf3 Nc6 3. Bc4 Bc5 4. c3 Nf6 5. b4 Bb6 6. d3 d6 7. 0-0 0-0 8. a4 a6 9. Nbd2 Ne7 10. Bb3 Ng6 11. a5 Ba7 12. Nc4 Bg4 13. Be3 Nh4 14. Ncd2 h6 15. Bxa7 Rxa7 16. Qe2 Ra8 17. Qe3 Ng6 18. Rfe1 Nf4 19. g3 Ng6 20. Nc4 Re8 21. Qe2 Be6 22. Qa2 Nd7 23. Ne3 Bxb3 24. Qxb3 Ndf8 25. Rad1 Qf6 26. Kg2 c6 27. h4 h5 28. Nd2 Ne7 29. Ndc4 Rad8 30. d4 exd4 31. Rxd4 d5 32. Nd2 dxe4 33. Nxe4 Qe6 34. Qd1 Qc8 35. Nd6 Rxd6 36. Rxd6 g6 37. Qd3 Nf5 38. Rf6 Nh7 39. Rxf5 gxf5 40. Rd1 Qe6 41. Nxf5 Nf6 42. c4 Ng4 43. Nd4 Qf6 44. Nf3 Qb2 45. Qd2 Re2 46. Qg5+ Kh7 47. Qxh5+ Nh6 48. Ng5+ Kg7 49. Qf3 Qc2 50. Rd4 Re1 51. Rf4 Re7 52. c5 Qd2 53. Qh5 f5 54. Nf3 Qb2 55. Nd4 1-0

[Event "South America-ch U20"]
[Site "Guayaquil"]
[Date "2021.11.04"]
[Round "5"]
[White "Gonzalez Loaiza, Roberth Alberto"]
[Black "Ubilluz Pena, Jaiden Andres"]
[Result "0-1"]
[WhiteElo "1586"]
[BlackElo "1430"]
[PlyCount "88"]
[EventDate "2021.11.02"]
[EventType "swiss"]
[EventRounds "9"]
[EventCountry "ECU"]
[SourceTitle "CBM 205 Extra"]
[Source "ChessBase"]
[SourceDate "2022.01.31"]
[SourceVersion "1"]
[SourceVersionDate "2022.01.31"]
[SourceQuality "1"]

1. d4 Nf6 2. c4 c5 3. dxc5 Qa5+ 4. Nc3 Qxc5 5. e3 g6 6. Nf3 Bg7 7. Be2 d6 8. 0-0 0-0 9. Rb1 Bf5 10. b4 Qc8 11. Bd3 Bxd3 12. Qxd3 Nbd7 13. Bb2 Nb6 14. Nd2 a5 15. a3 Nbd7 16. Nd5 Nxd5 17. cxd5 Bxb2 18. Rxb2 axb4 19. axb4 Ne5 20. Qb3 b5 21. Rc2 Qb7 22. h3 Rfc8 23. Rfc1 Rxc2 24. Rxc2 Rc8 25. f4 Nd7 26. Rxc8+ Qxc8 27. Qd3 Qa6 28. Nf3 Nb6 29. e4 Nc4 30. Nd4 Qa1+ 31. Kh2 Qe1 32. Nc2 Qf2 33. f5 Nd2 34. fxg6 hxg6 35. Kh1 Nf1 36. Qf3 Ng3+ 37. Kh2 Qxc2 38. Kxg3 Qc4 39. h4 Qxb4 40. h5 Qe1+ 41. Kg4 gxh5+ 42. Kxh5 Qc1 43. g3 b4 44. e5 Qc3 0-1

[Event "ECU-ch Schools U15 Clas2"]
[Site "Chess.com INT"]
[Date "2020.11.07"]
[Round "5"]
[White "Gonzalez Loaiza, Roberth Alberto"]
[Black "Morales Risco, Hugo Alexander"]
[Result "1-0"]
[WhiteElo "1587"]
[BlackElo "1313"]
[PlyCount "115"]
[EventDate "2020.11.07"]
[EventType "swiss"]
[EventRounds "9"]
[EventCountry "ECU"]
[SourceTitle "EXT 2022"]
[Source "ChessBase"]
[SourceDate "2021.10.06"]
[SourceVersion "1"]
[SourceVersionDate "2021.10.06"]
[SourceQuality "1"]

1. d4 Nf6 2. c4 e6 3. Nc3 Bb4 4. Qc2 d5 5. e3 Ne4 6. Bd2 Nxd2 7. Qxd2 0-0 8. a3 Bxc3 9. Qxc3 b6 10. Nf3 Bb7 11. c5 Nc6 12. Bd3 Ne7 13. 0-0 Ng6 14. b4 f5 15. Rac1 Rc8 16. c6 Ba8 17. Nd2 Qg5 18. Nf3 Qh6 19. Nd2 Nh4 20. f4 Rf6 21. Nf3 Rg6 22. Nxh4 Qxh4 23. Qd2 Rf8 24. Rf3 Qe7 25. Qe2 Rff6 26. Rh3 Rh6 27. Rxh6 Rxh6 28. b5 g5 29. Rf1 g4 30. g3 Qxa3 31. Rd1 Qa5 32. Rd2 Qa1+ 33. Kg2 Qa3 34. Ra2 Qe7 35. Rxa7 Qe8 36. Qa2 Bxc6 37. bxc6 Qxc6 38. Ra8+ Kg7 39. Ra7 Kf6 40. Ra8 Qc3 41. Rf8+ Ke7 42. Rc8 Qxd3 43. Rxc7+ Kf6 44. Qf2 Qe4+ 45. Kg1 Qb1+ 46. Kg2 Rg6 47. Rc6 Rg7 48. h3 Ra7 49. Rc2 b5 50. hxg4 fxg4 51. Qd2 b4 52. Rb2 Qa1 53. Qxb4 Rc7 54. Qf8+ Rf7 55. Qh8+ Kg6 56. Qg8+ Rg7 57. Qb8 Qe1 58. Qb3 1-0

[Event "ECU-ch Schools U15 Clas2"]
[Site "Chess.com INT"]
[Date "2020.11.07"]
[Round "7"]
[White "Marin Gomez, Daniel Alejandro"]
[Black "Gonzalez Loaiza, Roberth Alberto"]
[Result "1/2-1/2"]
[WhiteElo "1727"]
[BlackElo "1587"]
[PlyCount "91"]
[EventDate "2020.11.07"]
[EventType "swiss"]
[EventRounds "9"]
[EventCountry "ECU"]
[SourceTitle "EXT 2022"]
[Source "ChessBase"]
[SourceDate "2021.10.06"]
[SourceVersion "1"]
[SourceVersionDate "2021.10.06"]
[SourceQuality "1"]

1. d4 d5 2. Bf4 Nf6 3. e3 e6 4. Nd2 Bd6 5. Bg3 0-0 6. Ngf3 c5 7. c3 Nc6 8. Ne5 Ne4 9. Nxe4 dxe4 10. Nxc6 bxc6 11. dxc5 Bxc5 12. Qa4 Qb6 13. 0-0-0 a5 14. Qxe4 a4 15. Be5 Ra7 16. Bc4 Ba6 17. Bxa6 Qxa6 18. Bxg7 Kxg7 19. Qe5+ f6 20. Qxc5 Rb7 21. Rd2 Rff7 22. Rhd1 Rb5 23. Qc4 Qb7 24. Qxe6 Re5 25. Qg4+ Rg5 26. Qxa4 Rxg2 27. Qe4 Rg5 28. h4 Re5 29. Rg1+ Kf8 30. Rd8+ Ke7 31. Rg7 Kxd8 32. Rxf7 Qxf7 33. Qxc6 Qxa2 34. Qxf6+ Re7 35. Qb6+ Ke8 36. Qb8+ Kf7 37. Qf4+ Kg8 38. Qg5+ Rg7 39. Qd8+ Kf7 40. Qd7+ Kf6 41. Qd6+ Kf7 42. Qd7+ Kg6 43. Qd6+ Kh5 44. Qe5+ Kg6 45. Qd6+ Kf7 46. Qd7+ 1/2-1/2

[Event "ECU-ch Schools U15 Clas2"]
[Site "Chess.com INT"]
[Date "2020.11.07"]
[Round "6"]
[White "Ulloa Centeno, Luis Manuel"]
[Black "Gonzalez Loaiza, Roberth Alberto"]
[Result "0-1"]
[WhiteElo "1180"]
[BlackElo "1587"]
[PlyCount "114"]
[EventDate "2020.11.07"]
[EventType "swiss"]
[EventRounds "9"]
[EventCountry "ECU"]
[SourceTitle "EXT 2022"]
[Source "ChessBase"]
[SourceDate "2021.10.06"]
[SourceVersion "1"]
[SourceVersionDate "2021.10.06"]
[SourceQuality "1"]

1. d4 d5 2. Bf4 Nf6 3. Nf3 e6 4. e3 Bd6 5. c3 Bxf4 6. exf4 0-0 7. Nbd2 Nbd7 8. Ne5 c5 9. Ndf3 cxd4 10. cxd4 Ne4 11. Bd3 Nxe5 12. Nxe5 Qa5+ 13. Ke2 f6 14. Bxe4 fxe5 15. Bc2 Rxf4 16. dxe5 Bd7 17. Bd3 Bb5 18. Qb3 Bxd3+ 19. Qxd3 Raf8 20. f3 Qb6 21. b3 Rd4 22. Qe3 Qb5+ 23. Kf2 Re4 24. Qd2 Qc5+ 25. Kg3 Rxe5 26. Rac1 Qd6 27. f4 Ref5 28. Rhf1 g5 29. Rf3 gxf4+ 30. Kf2 Qb6+ 31. Kf1 Qd6 32. Rd1 R8f6 33. Qd3 Rh6 34. h3 Rg6 35. Rd2 Rf8 36. Re2 Re8 37. Rd2 Rg5 38. Qd4 Rf5 39. a4 Rf7 40. Qd3 Rd8 41. Re2 e5 42. Qc3 e4 43. Rd3 exd3 44. Qxd3 f3 45. gxf3 Qf6 46. Rf2 Qa1+ 47. Kg2 Rg7+ 48. Kh2 Qe5+ 49. Kh1 Qg3 50. Qf1 Re8 51. Rh2 Qf4 52. Rf2 d4 53. Qc4+ Qf7 54. Qxd4 Rf8 55. Qxa7 Qxb3 56. Qd4 Qb1+ 57. Kh2 Qg1# 0-1

[Event "ECU-ch Schools U15 Clas1"]
[Site "Chess.com INT"]
[Date "2020.11.05"]
[Round "6"]
[White "Gonzalez Loaiza, Roberth Alberto"]
[Black "Cando Tulcan, Pavel Erick"]
[Result "1-0"]
[WhiteElo "194"]
[BlackElo "1246"]
[PlyCount "81"]
[EventDate "2020.11.05"]
[EventType "swiss"]
[EventRounds "9"]
[EventCountry "ECU"]
[SourceTitle "EXT 2022"]
[Source "ChessBase"]
[SourceDate "2021.10.06"]
[SourceVersion "1"]
[SourceVersionDate "2021.10.06"]
[SourceQuality "1"]

1. d4 Nf6 2. c4 g6 3. Nc3 Bg7 4. e4 0-0 5. f4 c6 6. Nf3 d5 7. e5 Ne8 8. cxd5 cxd5 9. Bd3 Bg4 10. 0-0 e6 11. h3 Bxf3 12. Qxf3 Nc6 13. Be3 Nb4 14. Bb1 Nc7 15. a3 Nc6 16. Bd3 a6 17. Rac1 Na5 18. g4 Rc8 19. Kg2 Nc4 20. Bxc4 dxc4 21. Rc2 b5 22. Rg1 Nd5 23. Ne4 Nxe3+ 24. Qxe3 Qd5 25. Kh2 Rfd8 26. Rd1 a5 27. Rf2 h6 28. f5 gxf5 29. gxf5 exf5 30. Rxf5 Qe6 31. Rdf1 Rc7 32. Nf6+ Bxf6 33. Rxf6 Qd5 34. Rg1+ Kf8 35. Qxh6+ Ke7 36. Qg5 Ke8 37. Qh4 Qxd4 38. Rg8+ Ke7 39. Rf4+ Ke6 40. Qf6+ Kd7 41. Rxd8# 1-0